Loading...
| Current Events | 2 | 25.00 | 100% | 100% | 50% |
| Fine Arts - Classical Music | 6 | 21.67 | 100% | 67% | 50% |
| Fine Arts - Other | 7 | 15.71 | 43% | 71% | 43% |
| Fine Arts - Painting and Sculpture | 7 | 24.29 | 71% | 86% | 86% |
| Geography | 1 | 10.00 | 0% | 0% | 100% |
| History - American | 2 | 25.00 | 50% | 100% | 100% |
| History - European | 10 | 22.00 | 60% | 80% | 80% |
| History - Other | 8 | 22.50 | 88% | 75% | 63% |
| History - World | 8 | 21.25 | 88% | 63% | 63% |
| Literature - American | 8 | 23.75 | 75% | 100% | 63% |
| Literature - British | 7 | 22.86 | 86% | 86% | 57% |
| Literature - European | 9 | 23.33 | 67% | 89% | 78% |
| Literature - World | 6 | 20.00 | 83% | 50% | 67% |
| Mythology | 6 | 21.67 | 83% | 83% | 50% |
| Other Academic | 4 | 20.00 | 75% | 50% | 75% |
| Philosophy | 8 | 20.00 | 25% | 88% | 88% |
| Pop Culture | 3 | 16.67 | 33% | 100% | 33% |
| Religion | 8 | 22.50 | 75% | 88% | 63% |
| Science - Biology | 9 | 16.67 | 78% | 56% | 33% |
| Science - Chemistry | 8 | 21.25 | 63% | 75% | 75% |
| Science - Other | 8 | 23.75 | 88% | 88% | 63% |
| Science - Physics | 4 | 22.50 | 75% | 75% | 75% |
| Social Science | 4 | 17.50 | 0% | 100% | 75% |